Psicologia e comportamento social (Record no. 139143)
[ view plain ]
| 000 -LÍDER | |
|---|---|
| campo de controle de tamanho fixo | 00652 a2200181 4500 |
| 001 - NÚMERO DE CONTROLE | |
| campo de controle | 139143 |
| 040 ## - FONTE DA CATALOGAÇÃO | |
| Instituição que transcreveu o registro | Leonardo Da Vinci |
| 041 ## - CÓDIGO DE IDIOMA | |
| Código do idioma do texto/trilha sonora ou título diferente | Português |
| 082 ## - CDD - CLASSIFICAÇÃO DECIMAL DE DEWEY | |
| Número de Classificação | 302.35 M118p |
| Número do exemplar | M118p |
| 100 ## - ENTRADA PRINCIPAL--NOME PESSOAL | |
| Nome pessoal | MCDAVID, John W |
| -- | HARARI, Herbert |
| 245 ## - TÍTULO | |
| Título | Psicologia e comportamento social |
| 260 ## - PUBLICAÇÃO, DISTRIBUIÇÃO, ETC. | |
| Nome do editor, distribuidor, etc. | Interciência |
| Data da publicação, distribuição, etc. | 1980 |
| Local de publicação, distribuição, etc. | Rio de Janeiro |
| 300 ## - DESCRIÇÃO FÍSICA | |
| Extensão | 446 |
| 362 ## - DATAS DE PUBLICAÇÃO E/OU DESIGNAÇÃO SEQUENCIAL | |
| Datas de publicação e/ou designação sequencial | 19800000 |
| 500 ## - NOTA GERAL | |
| Nota geral | Francisco da Rocha Guimarães(Tradução) |
| 697 ## - ENTRADA DE ASSUNTO LOCAL--ENTIDADE COLETIVA (RLIN) | |
| Nome corporativo ou nome da jurisdição | Ciências sociais |
| -- | Sociologia |
| -- | Psicologia social |
| -- | Administração |
| -- | Organização |
| -- | Comportamento |
| -- | Indivíduo |
| -- | Cultura |
| -- | Mudança de atitude |
| -- | Relacionamento interpessoal |
| -- | Grupos sociais |
| -- | FIPEN |
| 942 ## - ELEMENTOS DE ENTRADA ADICIONADOS (KOHA) | |
| Tipo de material Koha | Livros |
| Situação do descarte | Situação das perdas | Situação física | Não pode ser emprestado | Biblioteca de origem | Biblioteca atual | Data de aquisição | Total de empréstimos | Número de chamada completo | Código de barras | Data de último acesso | Data do preço efetivo | Tipo de material Koha |
|---|---|---|---|---|---|---|---|---|---|---|---|---|
| Leonardo Da Vinci - Osasco | Leonardo Da Vinci - Osasco | 27/03/2024 | 302.35 M118p | O000269 | 27/03/2024 | 27/03/2024 | Livros |